Tilastot visalle Saudi-Arabian naapurimaat

Klikkaa tästä pelataksesi tätä visaa!

Yleistilastot

  • Tätä visaa on pelattu 1 456 kertaa
  • Keskiarvotulos 7 / 8

Vastaustilastot

Pituus (km)Valtio% Oikein
676Oman
97%
1 458Jemen
96%
814Irak
93%
60Qatar
90%
457Yhdistyneet arabiemiirikunnat
86%
744Jordania
84%
222Kuwait
80%
(sillalla)Bahrain
76%

Tulosjakauma

Persentiili vastausten määrän mukaan

Jokaisen tuloksen saaneiden osuus

Tuloshistoriasi

Et ole pelannut tätä visaa